| 000 | 00753nam a2200229Ia 4500 | ||
|---|---|---|---|
| 003 | OSt | ||
| 005 | 20230329153056.0 | ||
| 008 | 210423s2008 xx 000 0 und d | ||
| 020 | _a97821463014 | ||
| 040 | _cAL | ||
| 041 | _aeng | ||
| 082 | _a361.20715 FOSE | ||
| 100 |
_aFOSSARD (Esta De);BAILEY (Michael) _979733 |
||
| 245 | _aUsing edu tainment for distance education in community work: communication for behavior change | ||
| 260 |
_aNew Delhi _bSage Publications _c2008 |
||
| 300 |
_a308 _bPB |
||
| 365 |
_b475 _cINR |
||
| 650 |
_aSocial Problems _979734 |
||
| 650 |
_aSocial Problems & Services _979735 |
||
| 906 | _abehavior ; change ; communication ; community ; distance ; edu ; education ; tainment ; Using ; work: | ||
| 942 |
_2ddc _cBK |
||
| 999 |
_c156435 _d156435 |
||